First steps in research : (Record no. 1745)
[ view plain ]
| 000 -LEADER | |
|---|---|
| fixed length control field | 00558nam a2200193 4500 |
| 003 - CONTROL NUMBER IDENTIFIER | |
| control field | OSt |
| 005 - DATE AND TIME OF LATEST TRANSACTION | |
| control field | 20150511190941.0 |
| 008 - FIXED-LENGTH DATA ELEMENTS--GENERAL INFORMATION | |
| fixed length control field | 150511b xxu||||| |||| 00| 0 eng d |
| 020 ## - INTERNATIONAL STANDARD BOOK NUMBER | |
| International Standard Book Number | 9780443103988 |
| 040 ## - CATALOGING SOURCE | |
| Transcribing agency | 040a |
| 082 ## - DEWEY DECIMAL CLASSIFICATION NUMBER | |
| Classification number | W 20.5 |
| Item number | P833f 2008 |
| 100 ## - MAIN ENTRY--PERSONAL NAME | |
| Personal name | Porter, Stuart |
| 9 (RLIN) | 150 |
| 245 ## - TITLE STATEMENT | |
| Title | First steps in research : |
| Remainder of title | a pocketbook for healthcare students / |
| Statement of responsibility, etc. | Stuart Porter |
| 260 ## - PUBLICATION, DISTRIBUTION, ETC. (IMPRINT) | |
| Place of publication, distribution, etc. | Edinburgh |
| Name of publisher, distributor, etc. | Churchill Livingstone |
| Date of publication, distribution, etc. | 2008 |
| 300 ## - PHYSICAL DESCRIPTION | |
| Extent | xiii, 237p ; |
| Other physical details | ill : |
| Dimensions | 5 cm. |
| 504 ## - BIBLIOGRAPHY, ETC. NOTE | |
| Bibliography, etc | includes index |
| 650 ## - SUBJECT ADDED ENTRY--TOPICAL TERM | |
| Topical term or geographic name as entry element | Research |
| 9 (RLIN) | 3727 |
| 942 ## - ADDED ENTRY ELEMENTS (KOHA) | |
| Source of classification or shelving scheme | Dewey Decimal Classification |
| Koha item type | Short Loan |
| Withdrawn status | Lost status | Source of classification or shelving scheme | Damaged status | Not for loan | Home library | Current library | Date acquired | Source of acquisition | Inventory number | Total Checkouts | Full call number | Barcode | Date last seen | Koha item type | Price effective from |
|---|---|---|---|---|---|---|---|---|---|---|---|---|---|---|---|
| Other/Generic Classification Scheme | MUST Main Library | MUST Main Library | 11/05/2015 | 14/38200 | W 20.5 P833f 2008 | 2015-1393 | 11/05/2015 | Short Loan | |||||||
| Other/Generic Classification Scheme | MUST Main Library | MUST Main Library | 25/02/2016 | 14/38202 | W 20.5 P833f 2008 | 2016-0220 | 25/02/2016 | Open Shelf | 25/02/2016 |
